00578 2200181 4500001002100000005001700021008004100038035002600079245004600105110004600151260006500197300002500262020001400287082001500301084002100316650004800337990001100385INLIS00000000000010220191211102610.0191211| ||| | ind  a 0010-12190000000010200cPusat data dan sistem informasi pertanian0 aPusat data dan sistem informasi pertanian aJakarta :bPusat data dan sistem informasi pertanian ,c2005 axv, 194 p. ;c14 cm. a1412-61680 a631 (0:31) a631 (0:31) PUS a 0aE16 - Production economics/Produksi Ekonomi abC2097